000 00468nam a2200181Ia 4500
005 20150206140217.0
008 131103s9999 xx 000 0 und d
040 _aLoreto College
041 _aBengali
082 _a891.44
_bTAG
100 _aTagore, Rabindranath
245 _aSahaj path II
_cRabindranath Tagore
260 _aKolkata
_bWest Bengal Board
_c2007
300 _a60p.
_b 19cm.; pic.
650 _aBengali literature
850 _aLCBED
942 _cBK
999 _c39794
_d90273